000 00815nam a2200253Ia 4500
003 OSt
005 20220923222836.0
006 a|||||r|||| 00| 0
007 ta
008 220922b |||||||| |||| 00| 0 hin d
024 _a208,396
037 _cTextual
040 _aARTS
_cARTS
_bhin
041 _2hin
_ahin
082 _aO152,3NTIx, N2-
100 _aतिवारी, सुरेन्द्र
245 0 _aआशंकित अंधेरा
246 _aĀshankit aandherā
260 _aदिल्ली
_b जगतराम एंड सन्स
_c1992
300 _a174पृ.
_ccm.
650 _aहिन्दी साहित्य
_9156264
942 _hO152,3NTIx, N2-
_cTEXL
_2CC
999 _c358992
_d358992